[Event "TUR-ch Seniors 65"]
[Site "Ankara"]
[Date "2023.05.24"]
[Round "6"]
[White "Topaloglu, Hayati"]
[Black "Atas, Remzi"]
[Result "0-1"]
[WhiteElo "1674"]
[BlackElo "1441"]
[PlyCount "56"]
[EventDate "2023.05.19"]
[EventType "swiss"]
[EventRounds "9"]
[EventCountry "TUR"]
[SourceTitle "CBM 214 Extra"]
[Source "ChessBase"]
[SourceDate "2023.07.31"]
[SourceVersion "1"]
[SourceVersionDate "2023.07.31"]
[SourceQuality "1"]

1. e4 e5 2. Nf3 Nf6 3. Nc3 Nc6 4. Bb5 Bb4 5. d3 d6 6. h3 h6 7. 0-0 0-0 8. Ne2 Ne7 9. Ng3 a6 10. Ba4 Ng6 11. c3 Ba5 12. Be3 d5 13. b4 Bb6 14. Bxb6 cxb6 15. exd5 Nxd5 16. Rc1 Ndf4 17. Ne1 Be6 18. a3 Rc8 19. Ne2 Qg5 20. Nxf4 Nxf4 21. Kh2 Rfd8 22. Rg1 Ne2 23. Qxe2 Qxc1 24. Nc2 Qf4+ 25. g3 Qf5 26. g4 Qxd3 27. Qxe5 b5 28. Rg3 Qd6 0-1

[Event "Wch Seniors 65 24th"]
[Site "Katerini"]
[Date "2014.11.03"]
[Round "10"]
[White "Choong, Liong On Mark"]
[Black "Topaloglu, Hayati"]
[Result "1-0"]
[WhiteElo "1921"]
[BlackElo "1848"]
[PlyCount "85"]
[EventDate "2014.10.24"]
[EventType "swiss"]
[EventRounds "11"]
[EventCountry "GRE"]
[SourceTitle "EXT 2015"]
[Source "ChessBase"]
[SourceDate "2014.11.20"]
[SourceVersion "1"]
[SourceVersionDate "2014.11.20"]
[SourceQuality "1"]

1. c4 e6 2. Nf3 Nf6 3. g3 d5 4. Bg2 c6 5. b3 Bd6 6. Bb2 Nbd7 7. 0-0 0-0 8. d4 Re8 9. Nc3 a6 10. Qc2 h6 11. Rfd1 Qe7 12. a4 b6 13. h3 Bb7 14. Nh4 a5 15. Rac1 Rac8 16. e4 dxe4 17. Nxe4 Nxe4 18. Bxe4 Nf6 19. Bg2 g5 20. Nf3 c5 21. Re1 Nd7 22. Rcd1 Rcd8 23. Nxg5 Qxg5 24. Bxb7 f5 25. Bg2 h5 26. h4 Qg6 27. Bh3 Kf7 28. Re3 cxd4 29. Bxd4 Nc5 30. Rf3 Ke7 31. Be3 Be5 32. Re1 Ne4 33. Bg5+ Nxg5 34. hxg5 Qg7 35. Rfe3 Kd6 36. Rxe5 Qxg5 37. Bxf5 h4 38. c5+ Kd7 39. Bxe6+ Rxe6 40. Rd1+ Ke7 41. Rxg5 Rxd1+ 42. Qxd1 hxg3 43. fxg3 1-0

[Event "Wch Seniors 65 24th"]
[Site "Katerini"]
[Date "2014.10.28"]
[Round "5"]
[White "Topaloglu, Hayati"]
[Black "Hmooda, Elhabib"]
[Result "0-1"]
[WhiteElo "1848"]
[BlackElo "1718"]
[PlyCount "134"]
[EventDate "2014.10.24"]
[EventType "swiss"]
[EventRounds "11"]
[EventCountry "GRE"]
[SourceTitle "EXT 2015"]
[Source "ChessBase"]
[SourceDate "2014.11.20"]
[SourceVersion "1"]
[SourceVersionDate "2014.11.20"]
[SourceQuality "1"]

1. e4 e6 2. d4 d5 3. Nc3 Bb4 4. e5 Nc6 5. Nf3 Nge7 6. Bd3 Ng6 7. 0-0 Bxc3 8. bxc3 Nce7 9. Ng5 c5 10. f4 c4 11. Be2 Qb6 12. Ba3 Nf5 13. Qd2 Qa6 14. Bc1 Bd7 15. g3 h6 16. Nf3 Qa5 17. g4 Nfh4 18. Qe1 Nxf3+ 19. Rxf3 h5 20. g5 Ne7 21. h4 g6 22. Bf1 Ba4 23. Qf2 Bc6 24. Bh3 Bd7 25. Qe1 Nc6 26. Rf1 Ne7 27. Bd2 Nc6 28. a3 0-0 29. Qb1 Rab8 30. Qb2 Nxd4 31. cxd4 Qxd2 32. Rad1 Qe3+ 33. Kh2 c3 34. Qc1 Qe2+ 35. Kg1 Bb5 36. Rf2 Qc4 37. Qb1 Qc6 38. Qb4 Rfc8 39. Rb1 a6 40. Rf3 Ba4 41. Rf2 b5 42. Bf1 Rc7 43. Bd3 Rbc8 44. Re2 Qa8 45. Qa5 Qa7 46. Rb4 Rc4 47. Bxc4 Qxd4+ 48. Rf2 dxc4 49. Rb1 Bxc2 50. Rc1 Ba4 51. Qxc3 Qb6 52. Rb1 Rd8 53. Kg2 Rd3 54. Qe1 Rxa3 55. Qe4 Qa7 56. Rd2 Kg7 57. Re1 c3 58. Rd8 Ra2+ 59. Re2 Rxe2+ 60. Qxe2 b4 61. Qd3 Bc6+ 62. Kh3 Qg1 63. Qe2 Qh1+ 64. Kg3 Qg1+ 65. Kh3 Qg4+ 66. Qxg4 hxg4+ 67. Kxg4 c2 0-1

[Event "Istanbul op-A 10th"]
[Site "Istanbul"]
[Date "2011.09.12"]
[Round "1"]
[White "Topaloglu, Hayati"]
[Black "Bagaturov, Giorgi"]
[Result "0-1"]
[WhiteElo "1885"]
[BlackElo "2468"]
[PlyCount "112"]
[EventDate "2011.09.12"]
[EventType "swiss"]
[EventRounds "9"]
[EventCountry "TUR"]
[SourceTitle "CBM 144 Extra"]
[Source "ChessBase"]
[SourceDate "2011.10.28"]
[SourceVersion "1"]
[SourceVersionDate "2011.10.28"]
[SourceQuality "1"]

1. e4 c5 2. f4 d5 3. e5 Nc6 4. Nf3 e6 5. c3 Nge7 6. Na3 Nf5 7. Bd3 Be7 8. Nc2 Nh4 9. 0-0 Nxf3+ 10. Qxf3 Bd7 11. a3 a5 12. Ne3 g6 13. Bc2 Qc7 14. Rd1 f5 15. b3 d4 16. Nc4 b5 17. Nb2 0-0 18. c4 d3 19. Bxd3 Nd4 20. Qf2 Nxb3 21. Rb1 b4 22. a4 Bc6 23. Be2 Nd4 24. d3 Bh4 25. g3 Be7 26. Be3 Rad8 27. Bxd4 Rxd4 28. Bf3 g5 29. Qg2 Be8 30. Kh1 g4 31. Bb7 Rd8 32. Kg1 Rb8 33. Ba6 Bc6 34. Qf2 Ba8 35. Bb5 Qb7 36. Kf1 h5 37. Ke1 h4 38. Kd2 Kf7 39. Kc2 Rh8 40. Kb3 hxg3 41. hxg3 Rh3 42. Rd2 Rbh8 43. Rg1 Qf3 44. Nd1 Rh1 45. Rxh1 Rxh1 46. Ne3 Rb1+ 47. Kc2 Qh1 48. Rd1 Rxd1 49. Nxd1 b3+ 50. Kd2 Bf3 51. Qe1 Qg2+ 52. Qf2 Qh1 53. Qe1 Qg2+ 54. Qf2 Qh3 55. Ne3 Qh1 56. Qe1 Qxe1+ 0-1

[Event "EU-ch Seniors 11th"]
[Site "Courmayeur"]
[Date "2011.04.13"]
[Round "8"]
[White "Pipitone, Antonio"]
[Black "Topaloglu, Hayati"]
[Result "1-0"]
[WhiteElo "2012"]
[BlackElo "1881"]
[PlyCount "92"]
[EventDate "2011.04.06"]
[EventType "swiss"]
[EventRounds "9"]
[EventCountry "ITA"]
[SourceTitle "CBM 141 Extra"]
[Source "ChessBase"]
[SourceDate "2011.05.03"]
[SourceVersion "1"]
[SourceVersionDate "2011.05.03"]
[SourceQuality "1"]

1. e4 e6 2. d4 d5 3. Nc3 Nf6 4. e5 Nfd7 5. f4 c5 6. Nf3 Nc6 7. Be3 Qb6 8. Na4 Qa5+ 9. c3 cxd4 10. b4 Nxb4 11. cxb4 Bxb4+ 12. Bd2 b5 13. Nb2 Nc5 14. Nxd4 Bd7 15. Bxb4 Qxb4+ 16. Qd2 Qxd2+ 17. Kxd2 a6 18. Bd3 0-0 19. Nb3 Nb7 20. Rhc1 Rfc8 21. Rxc8+ Rxc8 22. Rc1 f5 23. Rxc8+ Bxc8 24. a4 Bd7 25. axb5 axb5 26. Kc3 Kf7 27. Kb4 g5 28. g3 gxf4 29. gxf4 Kg6 30. Nd4 Be8 31. Nxb5 Kh6 32. Nd4 Bh5 33. Bf1 Bf7 34. h3 Kh5 35. Nf3 Kg6 36. Kb5 Nd8 37. Kb6 Be8 38. Nd4 Kf7 39. Kc7 Ke7 40. Be2 Bd7 41. Bh5 Be8 42. Bxe8 Kxe8 43. Kd6 Kf7 44. Kd7 Nb7 45. Nxe6 h5 46. Nd3 h4 1-0

[Event "EU-ch Seniors 11th"]
[Site "Courmayeur"]
[Date "2011.04.10"]
[Round "5"]
[White "Topaloglu, Hayati"]
[Black "Muratoglu, Salih"]
[Result "1/2-1/2"]
[WhiteElo "1881"]
[BlackElo "2076"]
[PlyCount "100"]
[EventDate "2011.04.06"]
[EventType "swiss"]
[EventRounds "9"]
[EventCountry "ITA"]
[SourceTitle "CBM 141 Extra"]
[Source "ChessBase"]
[SourceDate "2011.05.03"]
[SourceVersion "1"]
[SourceVersionDate "2011.05.03"]
[SourceQuality "1"]

1. e4 d6 2. d4 g6 3. Nf3 Bg7 4. Bd3 Nc6 5. c3 Nf6 6. h3 0-0 7. Be3 e5 8. d5 Ne7 9. Nbd2 c6 10. c4 cxd5 11. cxd5 Nh5 12. g4 Nf4 13. Bxf4 exf4 14. Qb3 b6 15. Rc1 Kh8 16. Qb4 f5 17. gxf5 gxf5 18. Nd4 a5 19. Qa4 Bd7 20. Bb5 Bxb5 21. Nxb5 Bxb2 22. Rc2 Be5 23. f3 Ng6 24. Nd4 fxe4 25. Nxe4 Qh4+ 26. Ke2 Ne7 27. Ne6 Rg8 28. Nxd6 Qh5 29. Nxf4 Bxf4 30. Qxf4 Rg2+ 31. Kf1 Rg7 32. Rg2 Nxd5 33. Qe4 Rxg2 34. Kxg2 Rf8 35. Qd4+ Kg8 36. Qg4+ Qg6 37. Qxg6+ hxg6 38. Kg3 Rd8 39. Ne4 Nb4 40. Rb1 Rd3 41. Rb3 Rd1 42. Nc3 Rd3 43. Ne4 Rd1 44. Nc3 Rd6 45. a3 Nc2 46. Na4 Re6 47. Nxb6 Nd4 48. Nd5 Rd6 49. Rb8+ Kf7 50. Ne3 Nc6 1/2-1/2

[Event "EU-ch Seniors 11th"]
[Site "Courmayeur"]
[Date "2011.04.08"]
[Round "3"]
[White "Topaloglu, Hayati"]
[Black "Antonelli, Fabrizio"]
[Result "0-1"]
[WhiteElo "1881"]
[BlackElo "2100"]
[PlyCount "60"]
[EventDate "2011.04.06"]
[EventType "swiss"]
[EventRounds "9"]
[EventCountry "ITA"]
[SourceTitle "CBM 141 Extra"]
[Source "ChessBase"]
[SourceDate "2011.05.03"]
[SourceVersion "1"]
[SourceVersionDate "2011.05.03"]
[SourceQuality "1"]

1. e4 e5 2. Nf3 Nc6 3. Bb5 a6 4. Ba4 b5 5. Bb3 Na5 6. c3 Nxb3 7. Qxb3 d6 8. a4 Be6 9. Qc2 c5 10. 0-0 Nf6 11. axb5 axb5 12. Rxa8 Qxa8 13. d4 exd4 14. cxd4 Qxe4 15. Qxe4 Nxe4 16. Re1 d5 17. dxc5 Bxc5 18. Be3 0-0 19. Bxc5 Nxc5 20. Nd4 b4 21. Nd2 Ra8 22. b3 Ra2 23. Rd1 h6 24. Kf1 Bc8 25. Ke2 Kf8 26. Ke3 Bd7 27. Rc1 Ne6 28. Nc2 d4+ 29. Kd3 Bb5+ 30. Nc4 Nc5+ 0-1

[Event "TUR-ch op"]
[Site "Antalya"]
[Date "2008.02.04"]
[Round "1.57"]
[White "Topaloglu, Hayati"]
[Black "Yentimur, Kemallettin"]
[Result "1-0"]
[WhiteElo "1948"]
[BlackElo "1509"]
[PlyCount "113"]
[EventDate "2008.02.04"]
[EventType "swiss"]
[EventRounds "11"]
[EventCountry "TUR"]
[SourceTitle "CBM 122 Extra"]
[Source "ChessBase"]
[SourceDate "2008.03.04"]
[SourceVersion "1"]
[SourceVersionDate "2008.03.04"]
[SourceQuality "1"]

1. e4 d6 2. d4 g6 3. c3 Bg7 4. Bc4 Nf6 5. Qd3 0-0 6. Bg5 c5 7. d5 Nbd7 8. Nf3 a6 9. a4 h6 10. Bh4 Qc7 11. Nbd2 g5 12. Bg3 Nh5 13. 0-0 Nxg3 14. hxg3 Nb6 15. Bb3 Bg4 16. Bc2 Bh5 17. Nh2 Bg6 18. f4 e6 19. a5 Nd7 20. Nc4 e5 21. f5 Bh7 22. Kf2 b5 23. axb6 Nxb6 24. Ng4 Nxc4 25. Qxc4 Qb6 26. f6 Qxb2 27. Ra2 Qb5 28. Qe2 Bg6 29. fxg7 Kxg7 30. c4 Qd7 31. Ne3 Rfb8 32. Kg1 Rh8 33. Qf3 h5 34. Qf6+ Kh7 35. Nf5 Rhg8 36. Qxg5 Bxf5 37. Qxh5+ Kg7 38. Rxf5 Rh8 39. Qg5+ Kf8 40. Rb2 a5 41. Rb6 a4 42. Qf6 Rh7 43. Rxd6 Qe7 44. Ra6 Qxf6 45. Rfxf6 Kg7 46. Rxa8 Kxf6 47. Rxa4 Rh8 48. Ra5 Rb8 49. Rxc5 Rb2 50. Ba4 Re2 51. g4 Rxe4 52. Bd7 Rd4 53. Bf5 e4 54. Rc7 e3 55. Kf1 Ke5 56. Ke2 Kf4 57. g3+ 1-0